|
|
|
|
| LEADER |
01169ngm a2200265 i 4500 |
| 001 |
tort926 |
| 005 |
20240529072321.0 |
| 008 |
240529s2024 hu o 0|| zxx d |
| 040 |
|
|
|a PEREPO TORTENET
|b hun
|
| 041 |
|
|
|a zxx
|
| 100 |
1 |
|
|a Mozsár Eszter
|
| 245 |
1 |
0 |
|a Vissza a jövőbe
|h [elektronikus dokumentum] :
|b hogyan lett a laktanyából egyetem - Vendégünk Jóna István kommunikációs referens /
|c Eszter Mozsár
|
| 260 |
|
|
|c 2024-05-28
|
| 490 |
0 |
|
|a Zalai Hírlap Online (ZAOL.hu)
|
| 695 |
|
|
|a Pannon Egyetem Zalaegerszegi Egyetemi Központ - PE ZEK
|
| 695 |
|
|
|a Jóna István
|
| 695 |
|
|
|a podcast
|
| 695 |
|
|
|a videó
|
| 695 |
|
|
|a intézménytörténet
|
| 695 |
|
|
|a Petőfi Sándor Laktanya
|
| 695 |
|
|
|a történet
|
| 695 |
|
|
|a program
|
| 695 |
|
|
|a programajánló
|
| 856 |
4 |
0 |
|u https://perepo-tortenet.uni-pannon.hu/id/eprint/926/1/2024-05-28_zaol_Vissza%20a%20j%C3%B6v%C5%91be%20hogyan%20lett%20laktany%C3%A1b%C3%B3l%20egyetem.pdf
|z Dokumentum-elérés
|
| 856 |
4 |
0 |
|u https://perepo-tortenet.uni-pannon.hu/id/eprint/926/2/2024-05-28_zaol_Vissza%20a%20j%C3%B6v%C5%91be%20hogyan%20lett%20laktany%C3%A1b%C3%B3l%20egyetem%20%5B720p%5D.mp4
|z Dokumentum-elérés
|